Effect of split application of fertilizer on growth of Hevea in Dooars area of West Bengal (Record no. 52682)

MARC details
000 -LEADER
fixed length control field 00664nam a2200169Ia 4500
100 ## - MAIN ENTRY--AUTHOR NAME
Personal name Meti S.
245 #0 - TITLE STATEMENT
Title Effect of split application of fertilizer on growth of Hevea in Dooars area of West Bengal
260 ## - PUBLICATION, DISTRIBUTION, ETC. (IMPRINT)
Name of publisher In: Recent Advances in Plantation Crops Research: Placrosym XIII, 16-18 December 1998, Coimbatore, Tamil Nadu, India. (Eds. N. Muraleedharan and R. Raj Kumar). Allied Publishers Limited, New Delhi, pp. 209-212.
Year of publication 2000
650 ## - SUBJECT ADDED ENTRY--TOPICAL TERM
Topical Term Fertilizer
650 ## - SUBJECT ADDED ENTRY--TOPICAL TERM
Topical Term Split application
650 ## - SUBJECT ADDED ENTRY--TOPICAL TERM
Topical Term West Bengal
700 ## - ADDED ENTRY--PERSONAL NAME
Personal name Chaudhuri D.
700 ## - ADDED ENTRY--PERSONAL NAME
Personal name Pal T.K.
700 ## - ADDED ENTRY--PERSONAL NAME
Personal name Varghese Y.A.
942 ## - ADDED ENTRY ELEMENTS (KOHA)
Koha item type Bibliography STAF
Holdings
Withdrawn status Lost status Damaged status Not for loan Home library Current library Date acquired Koha item type
      Bibliography RRII Library RRII Library 09/04/2014 Bibliography STAF